000 00916nam a2200229Ia 4500
999 _c39974
_d39974
001 6580
003 GE_BSU
005 20191021110722.0
008 181216s1969||||ge |||||||||||||| ||ge ||
040 _cGE_BSU
041 _ageo
080 _a821.353.1-1 ბ-78
100 _aბობოხიძე, კალე
_94852
245 _aლირიკა :
_bლექსები /
_cკალე ბობოხიძე ; რედ. ჯ. ნიქაბაძე ; მხატვ. ო. ჯიშკარიანი.
264 _aთბილისი :
_bსაბჭ.საქართველო ;
_c1969.
300 _a218 გვ. ;
_c19 სმ.
653 _aლირიკა
653 _aლექსები
700 _aნიქაბაძე, ჯ.
_eრედაქტორი
_93852
700 _aჯიშკარიანი, ო.
_eმხატვარი
_94870
942 _cBK
_2udc